|
|
|
|
| LEADER |
02609nam a22005175i 4500 |
| 001 |
978-3-540-31534-6 |
| 003 |
DE-He213 |
| 005 |
20151030111132.0 |
| 007 |
cr nn 008mamaa |
| 008 |
100806s2005 gw | s |||| 0|eng d |
| 020 |
|
|
|a 9783540315346
|9 978-3-540-31534-6
|
| 024 |
7 |
|
|a 10.1007/b100037
|2 doi
|
| 040 |
|
|
|d GrThAP
|
| 050 |
|
4 |
|a QB495-500.269
|
| 072 |
|
7 |
|a TTDS
|2 bicssc
|
| 072 |
|
7 |
|a SCI005000
|2 bisacsh
|
| 082 |
0 |
4 |
|a 520
|2 23
|
| 082 |
0 |
4 |
|a 500.5
|2 23
|
| 245 |
1 |
0 |
|a Space Weather
|h [electronic resource] :
|b The Physics Behind a Slogan /
|c edited by Klaus Scherer, Horst Fichtner, Bernd Heber, Urs Mall.
|
| 264 |
|
1 |
|a Berlin, Heidelberg :
|b Springer Berlin Heidelberg,
|c 2005.
|
| 300 |
|
|
|a X, 302 p.
|b online resource.
|
| 336 |
|
|
|a text
|b txt
|2 rdacontent
|
| 337 |
|
|
|a computer
|b c
|2 rdamedia
|
| 338 |
|
|
|a online resource
|b cr
|2 rdacarrier
|
| 347 |
|
|
|a text file
|b PDF
|2 rda
|
| 490 |
1 |
|
|a Lecture Notes in Physics,
|x 0075-8450 ;
|v 656
|
| 505 |
0 |
|
|a Introduction to Space Weather -- The Sun and its Restless Magnetic Field -- The Application of Radio Diagnostics to the Study of the Solar Drivers of Space Weather -- Interplanetary Disturbances -- The Magnetosphere -- Space Weather Effects in the Upper Atmosphere: Low and Middle Latitudes -- Space Weather Effects in the Upper Atmosphere: High Latitudes -- Space Weather Effects on Technology -- Radiation Risks From Space -- Index.
|
| 520 |
|
|
|a The various processes that connect the physics of the Sun with that of the Earth`s environment has become known as "Space Weather" during recent years, a slogan that has emerged in connection with many other expressions adapted from meteorology, such as solar wind, magnetic clouds or polar rain. This volume is intended as a first graduate-level textbook-style account on the physics of these solar-terrestrial relations and their impact on our natural and technological environment.
|
| 650 |
|
0 |
|a Physics.
|
| 650 |
|
0 |
|a Geophysics.
|
| 650 |
|
0 |
|a Space sciences.
|
| 650 |
1 |
4 |
|a Physics.
|
| 650 |
2 |
4 |
|a Extraterrestrial Physics, Space Sciences.
|
| 650 |
2 |
4 |
|a Geophysics/Geodesy.
|
| 700 |
1 |
|
|a Scherer, Klaus.
|e editor.
|
| 700 |
1 |
|
|a Fichtner, Horst.
|e editor.
|
| 700 |
1 |
|
|a Heber, Bernd.
|e editor.
|
| 700 |
1 |
|
|a Mall, Urs.
|e editor.
|
| 710 |
2 |
|
|a SpringerLink (Online service)
|
| 773 |
0 |
|
|t Springer eBooks
|
| 776 |
0 |
8 |
|i Printed edition:
|z 9783540229070
|
| 830 |
|
0 |
|a Lecture Notes in Physics,
|x 0075-8450 ;
|v 656
|
| 856 |
4 |
0 |
|u http://dx.doi.org/10.1007/b100037
|z Full Text via HEAL-Link
|
| 912 |
|
|
|a ZDB-2-PHA
|
| 912 |
|
|
|a ZDB-2-LNP
|
| 950 |
|
|
|a Physics and Astronomy (Springer-11651)
|